00354nam a2200133Ia 4500003000400000008004100004020002300045040000800068100002300076245005900099260003600158300001500194365001100209LDD181029s9999 xx 000 0 und d a8177587536c750.00 cLDD aFutrell, Robert T. 0aQuality software project managementcRobert T. Futrell aDelhibDorling kindersleyc2006 axxxvi, 160 b750.00